Introduction to college mathematics with A Programming Language

Αποθηκεύτηκε σε:
Λεπτομέρειες βιβλιογραφικής εγγραφής
Κύριος συγγραφέας: LeCuyer, Edward J.
Μορφή: Βιβλίο
Γλώσσα:English
Δημοσίευση: New York : Springer-Verlag, c1978
Σειρά:Undergraduate texts in mathematics
Θέματα:
Ετικέτες: Προσθήκη ετικέτας
Δεν υπάρχουν, Καταχωρήστε ετικέτα πρώτοι!

MARC

LEADER 00000cam a2200000 i 4500
001 1/30375
008 941103s1978 eng d
020 |a 0387902805 
035 |l 10038554 
035 |a 1993 
040 |a GR-MY-UA  |b gre  |e aacr 
041 0 |a eng 
082 0 |a 510.285 
100 1 |a LeCuyer, Edward J. 
245 1 0 |a Introduction to college mathematics with A Programming Language /  |c E. J. LeCuyer 
260 |a New York :   |b Springer-Verlag,   |c c1978 
300 |a xii, 420 p.;  |b ill.;  |c 24 cm. 
490 1 |a Undergraduate texts in mathematics 
500 |a Includes indexes 
650 0 0 |a Mathematics. 
650 0 0 |a Mathematics  |x Data processing. 
650 0 0 |a APL (Computer program language) 
830 0 |a Undergraduate texts in mathematics 
852 |a INST  |b SAMOS  |e 19941103  |h 510.285 LEC  |p 005300006823  |q 005300006823  |t BK  |y 0 
909 |a Σ  |b 029436